[Event "Indywidualne Mistrzostwa Polski Juniorow - C16"]
[Site "Szczyrk"]
[Date "2013-03-22"]
[Round "7.1"]
[White "Jarmula, Lukasz"]
[Black "Kaczmarek, Aleksander"]
[Result "1-0"]
[WhiteTitle "k"]
[BlackTitle "k"]
[WhiteElo "2164"]
[BlackElo "2132"]

1. d4 Nf6 2. c4 c5 3. d5 e6 4. Nc3 exd5 5. cxd5 d6 6. Nf3 g6 7. Bf4 Bg7 8. Qa4+
Bd7 9. Qb3 Qc7 10. h3 O-O 11. e3 a6 12. a4 Bf5 13. Nd2 Re8 14. g4 g5 15. Bxg5
Be4 16. f3 Bxd5 17. Nxd5 Nxd5 18. Ne4 Nb4 19. O-O-O Rxe4 20. fxe4 N8c6 21. Bf4
Ne5 22. Be2 b5 23. Rhf1 a5 24. Bxe5 Bxe5 25. Bxb5 c4 26. Qxc4 Qb7 27. Kb1 Rc8
28. Rxf7 Rxc4 29. Rxb7 Rc2 30. Bc4+ Rxc4 31. Rc1 Rxc1+ 32. Kxc1 h6 33. Ra7 Nd3+
34. Kc2 Nxb2 35. Rxa5 Nc4 36. Ra8+ Kf7 37. a5 d5 38. exd5 Nxe3+ 39. Kd3 Nxd5 40.
Ke4 Nc7 41. Kxe5 Nxa8 42. Kd6 Ke8 43. Kc6 Kd8 44. a6 Kc8 45. a7 Kd8 46. h4 Nc7
47. g5 Nb5 48. a8=Q+ 1-0

[Event "Indywidualne Mistrzostwa Polski Juniorow - C16"]
[Site "Szczyrk"]
[Date "2013-03-22"]
[Round "7.2"]
[White "Snihur, Piotr"]
[Black "Gajek, Radoslaw"]
[Result "1-0"]
[WhiteTitle "I++"]
[BlackTitle "k"]
[WhiteElo "2085"]
[BlackElo "2273"]

1. e4 c5 2. Nf3 d6 3. d4 cxd4 4. Nxd4 Nf6 5. Nc3 e6 6. g4 a6 7. g5 Nfd7 8. Be3
Nc6 9. Qd2 Nde5 10. Be2 b5 11. Nxc6 Nxc6 12. a3 Bb7 13. O-O-O Rc8 14. Rhe1 b4
15. Nb1 Na5 16. Qxb4 Be7 17. Nc3 d5 18. Qa4+ Bc6 19. Qd4 O-O 20. Bxa6 Rb8 21.
exd5 Bxd5 22. Nxd5 exd5 23. Bf4 Bxg5 24. Bxg5 Qxg5+ 25. Kb1 Qd8 26. Re3 Nc6 27.
Qc5 Qf6 28. b3 d4 29. Re4 g6 30. Bb5 Qf3 31. Rde1 Na5 32. Re8 Rfxe8 33. Rxe8+
Rxe8 34. Bxe8 d3 35. cxd3 Nxb3 36. Qc3 Qd5 37. Bc6 Qe6 38. Ba4 Qd6 39. Bxb3 Qxh2
40. Qc8+ Kg7 41. Qc3+ f6 42. Qd4 h5 43. a4 h4 44. Be6 Qb8+ 45. Ka2 g5 46. Qd7+
Kh6 47. Bf5 Qg8+ 48. Qe6 Qg7 49. a5 Kh5 50. a6 1-0

[Event "Indywidualne Mistrzostwa Polski Juniorow - C16"]
[Site "Szczyrk"]
[Date "2013-03-22"]
[Round "7.3"]
[White "Eggink, Ryszard"]
[Black "Piotrowski, Przemyslaw"]
[Result "1-0"]
[WhiteTitle "I++"]
[BlackTitle "I+"]
[WhiteElo "2080"]
[BlackElo "1996"]

1. d4 d5 2. c4 dxc4 3. e4 Nf6 4. e5 Nd5 5. Bxc4 Nb6 6. Bb3 Bf5 7. Qf3 e6 8. Ne2
Nc6 9. Be3 Bb4+ 10. Nbc3 h5 11. Rc1 g5 12. h3 Qe7 13. Qg3 Rg8 14. h4 g4 15. a3
Bxc3+ 16. Rxc3 Qd7 17. Bg5 Ne7 18. Nf4 Bg6 19. Bc2 Ned5 20. Rc5 Bxc2 21. Rxc2
Qa4 22. Rd2 Nxf4 23. Qxf4 Qc4 24. Qe4 Kd7 25. Rc2 Qd5 26. Qf4 Raf8 27. O-O Qb3
28. Qe4 Nd5 29. Rfc1 Rg6 30. g3 c6 31. Kg2 Rfg8 32. Rf1 Kc8 33. Re2 Nb6 34. f3
R8g7 35. fxg4 hxg4 36. Qxg4 Nc4 37. Qf3 Qb5 38. Bf4 f5 39. exf6 Rxf6 40. Qd3 Nxa3
41. Qxb5 Nxb5 42. Be5 Rxf1 43. Bxg7 Rf7 44. Be5 Kd7 45. g4 Rh7 46. h5 Nd6 47.
Bxd6 Kxd6 48. Kg3 Ke7 49. Rf2 Rf7 50. Rh2 Kf6 51. Kf4 Kg7+ 52. Kg5 Rd7 53. h6+
Kh7 54. Kh5 Rxd4 55. g5 Rd1 56. g6+ Kg8 57. Rf2 Rd5+ 58. Kg4 Rd8 59. Kg5 Rd5+
60. Kf6 Rd7 61. h7+ Kh8 62. Rg2 Rg7 63. Rd2 1-0

[Event "Indywidualne Mistrzostwa Polski Juniorow - C16"]
[Site "Szczyrk"]
[Date "2013-03-22"]
[Round "7.4"]
[White "Sliwicki, Damian"]
[Black "Kucza, Karol"]
[Result "1-0"]
[WhiteTitle "I"]
[BlackTitle "I+"]
[WhiteElo "2028"]
[BlackElo "1886"]

1. e4 e5 2. Nf3 Nc6 3. d4 exd4 4. Nxd4 Nf6 5. Nxc6 bxc6 6. Bd3 d5 7. exd5 cxd5
8. O-O Be7 9. Bf4 O-O 10. Nc3 c6 11. Re1 Bd6 12. Bg5 h6 13. Bh4 Rb8 14. Rb1 Rb4
15. Bg3 Bxg3 16. hxg3 c5 17. a3 Rb8 18. b3 Be6 19. Qf3 Qd7 20. Qf4 Rfc8 21. Rbd1
a5 22. Re5 Qc7 23. Ba6 Rd8 24. Rde1 Qc6 25. Be2 Qb6 26. g4 Qd6 27. Bf3 Nd7 28.
R5e4 Qxf4 29. Rxf4 Nb6 30. Be2 g5 31. Rf3 Bxg4 32. Rf6 Kg7 33. Rxb6 Rxb6 34. Bxg4
Kg6 35. Bf3 d4 36. Na4 Re6 37. Rxe6+ fxe6 38. Nxc5 e5 39. Be4+ Kf6 40. Nb7 Ra8
41. a4 g4 42. Nd6 Ra7 43. Nc4 h5 44. g3 Kg5 45. Kg2 h4 46. gxh4+ Kf4 47. Nd2 g3
48. h5 gxf2 49. Kxf2 Rg7 50. Bg6 Rc7 51. h6 Rc3 52. Bd3 Rc6 53. h7 Rh6 54. Kg2
e4 55. Nxe4 Rxh7 56. Nf6 Rg7+ 57. Kf2 Rf7 58. Ne4 Rh7 59. Nd6 Rh2+ 60. Kg1 Rh5
61. Nc4 Kf3 62. Nd2+ Ke3 63. Nf1+ Kf4 64. Kf2 Re5 65. Ng3 Rg5 66. Ne2+ Ke5 67.
Ke1 Kd5 68. Kd2 Rg4 69. Kc1 Kc5 70. Kb2 Rg8 71. Nf4 Rg4 72. Ne6+ Kd6 73. Bc4 Re4
74. Nd8 Kc7 75. Nb7 Kb6 76. Nd6 Rh4 77. Bd3 Kc5 78. Nc4 Kb4 79. Ne5 Rh6 80. Bb5
Kc5 81. Nc6 1-0

[Event "Indywidualne Mistrzostwa Polski Juniorow - C16"]
[Site "Szczyrk"]
[Date "2013-03-22"]
[Round "7.5"]
[White "Kowalczyk, Mariusz"]
[Black "Niekras, Dawid"]
[Result "1-0"]
[WhiteTitle "I"]
[BlackTitle "I"]
[WhiteElo "1940"]
[BlackElo "1956"]

1. e4 e5 2. Nf3 Nc6 3. d4 exd4 4. Nxd4 Nf6 5. Nxc6 bxc6 6. Bd3 d5 7. e5 Ng4 8.
O-O Bc5 9. Bf4 g5 10. Bd2 Be6 11. Qe2 Qe7 12. h3 h5 13. hxg4 hxg4 14. g3 Rh5 15.
Nc3 Qf8 16. Kg2 Rh2+ 17. Kxh2 Qh6+ 18. Kg1 O-O-O 19. Bxg5 Qh3 20. Bh4 Rh8 21.
Be4 Rxh4 22. Rfd1 Qxg3+ 23. Kf1 Qf4 24. Bg2 Rh2 25. Ne4 Qh6 26. Qa6+ Kd8 27. Nxc5
g3 28. Nxe6+ fxe6 29. fxg3 Rh5 30. Qd3 Rxe5 31. Kg1 Re3 32. Qd2 Qg5 33. Rf1 Qxg3
34. Qf2 1-0

[Event "Indywidualne Mistrzostwa Polski Juniorow - C16"]
[Site "Szczyrk"]
[Date "2013-03-22"]
[Round "7.6"]
[White "Karwowski, Kacper"]
[Black "Lizak, Jakub"]
[Result "1-0"]
[WhiteTitle "I"]
[BlackTitle "I"]
[WhiteElo "1946"]
[BlackElo "1893"]

1. e4 c5 2. Nf3 d6 3. d4 cxd4 4. Nxd4 Nf6 5. Nc3 g6 6. Be2 Bg7 7. O-O O-O 8. Nb3
Nc6 9. Bg5 Be6 10. Kh1 a5 11. a3 a4 12. Nc1 Ra5 13. f4 h6 14. Bh4 g5 15. Be1 gxf4
16. Nd3 Ne5 17. Nxf4 Bc4 18. Ncd5 Rc5 19. Nxf6+ Bxf6 20. Nh5 Bh8 21. Bc3 Be6 22.
Qd2 Kh7 23. Bb4 Nc4 24. Qf4 Rg5 25. Qh4 Ne5 26. Bd2 Ng6 27. Qf2 Rc5 28. Qe3 Rg5
29. h4 Nxh4 30. Qf2 Ng6 31. Bxg5 hxg5 32. c3 Be5 33. Qe3 f6 34. Kg1 Qd7 35. Ng3
Bf4 36. Qf2 Rh8 37. Rfd1 Kg8 38. Nf1 Be5 39. g3 Qc6 40. Bf3 Bb3 41. Re1 Kg7 42.
Ne3 e6 43. Kg2 Qc5 44. Rh1 Bxg3 45. Kxg3 Qe5+ 46. Kg2 Nf4+ 47. Kg1 Nh3+ 48. Rxh3
Rxh3 49. Nf1 Qf4 50. Bg2 Qxf2+ 51. Kxf2 Rd3 52. Bf3 d5 53. Be2 Rh3 54. Bg4 Rh4
55. Bxe6 dxe4 56. Bxb3 axb3 57. Rd1 Kg6 58. Rd7 Rf4+ 59. Ke1 b5 60. Rd5 Rf5 61.
Rxf5 Kxf5 62. Nd2 g4 63. Nxb3 Kf4 64. Nd4 Ke3 65. Nxb5 1-0

[Event "Indywidualne Mistrzostwa Polski Juniorow - C16"]
[Site "Szczyrk"]
[Date "2013-03-22"]
[Round "7.7"]
[White "Chomczyk, Marek"]
[Black "Kulas, Szymon"]
[Result "0-1"]
[WhiteTitle "I+"]
[BlackTitle "I++"]
[WhiteElo "1935"]
[BlackElo "2088"]

1. e4 c5 2. Nf3 e6 3. d4 cxd4 4. Nxd4 Nc6 5. Nxc6 bxc6 6. Bd3 e5 7. O-O Bc5 8.
Nc3 Nf6 9. Bc4 O-O 10. Bg5 Be7 11. Qf3 d6 12. h3 Be6 13. Bb3 Ne8 14. Bxe7 Qxe7
15. Rad1 Nc7 16. Rd2 Bxb3 17. axb3 Ne6 18. Ne2 Rad8 19. Rfd1 Rd7 20. c3 g6 21.
Ng3 Rfd8 22. Nf1 h5 23. Ne3 Ng5 24. Qe2 Nxe4 25. Rc2 d5 26. Nf1 f5 27. Nd2 Nxd2
28. Rcxd2 Qf6 29. Qe3 f4 30. Qc5 Qd6 31. Qxd6 Rxd6 32. Ra1 R8d7 33. Kf1 Kf7 34.
Ke2 Ke6 35. Ra5 Rc7 36. c4 Rb7 37. Rc2 Rxb3 38. cxd5+ cxd5 39. Rxa7 Rdb6 40. Ra2
e4 41. Rd2 Ke5 42. Rc2 R6b5 43. Rd2 d4 0-1

[Event "Indywidualne Mistrzostwa Polski Juniorow - C16"]
[Site "Szczyrk"]
[Date "2013-03-22"]
[Round "7.8"]
[White "Swiderski, Radoslaw"]
[Black "Gierulski, Kamil"]
[Result "1/2-1/2"]
[WhiteTitle "I+"]
[BlackTitle "I"]
[WhiteElo "1964"]
[BlackElo "1856"]

1. e4 e6 2. d4 d5 3. Nd2 Nf6 4. e5 Nfd7 5. Bd3 c5 6. c3 b6 7. Ne2 Ba6 8. Bxa6 Nxa6
9. O-O b5 10. f4 Be7 11. Nf3 Qb6 12. Be3 c4 13. Qc2 g6 14. b3 Nc7 15. a4 cxb3
16. Qxb3 bxa4 17. Qxa4 Qb5 18. Qxb5 Nxb5 19. Nd2 Nb6 20. Kf2 Na3 21. Ra2 Nac4
22. Nxc4 Nxc4 23. Rfa1 a5 24. Nc1 Kd7 25. Nb3 Bd8 26. Nd2 Rc8 27. Nxc4 Rxc4 28.
Bd2 Bc7 29. Ke2 h5 30. Kd3 Rb8 31. Ra4 Rxa4 32. Rxa4 Rb1 33. c4 dxc4+ 34. Kxc4
Rg1 35. g3 Rg2 36. Bxa5 Bxa5 37. Rxa5 Rc2+ 38. Kb5 Rb2+ 39. Kc5 Rc2+ 40. Kb5 Rb2+
41. Kc5 Rc2+ 1/2-1/2

[Event "Indywidualne Mistrzostwa Polski Juniorow - C16"]
[Site "Szczyrk"]
[Date "2013-03-22"]
[Round "7.9"]
[White "Tomaszewski, Kacper"]
[Black "Filewicz, Przemyslaw"]
[Result "1/2-1/2"]
[WhiteTitle "I++"]
[BlackTitle "I"]
[WhiteElo "1961"]
[BlackElo "1751"]

1. d4 f5 2. g3 Nf6 3. Bg2 e6 4. c4 c6 5. Nh3 d5 6. O-O Bd6 7. Nd2 Nbd7 8. Qc2 O-O
9. Nf3 Qe8 10. Nf4 dxc4 11. Qxc4 Nb6 12. Qb3 Nfd5 13. Nd3 a5 14. Nfe5 a4 15. Qc2
Nb4 16. Nxb4 Bxb4 17. b3 a3 18. Bd2 Bd6 19. Rac1 Bd7 20. Nd3 Qe7 21. e4 fxe4 22.
Bxe4 h6 23. Ne5 Be8 24. Rce1 Bxe5 25. dxe5 Nd5 26. Qc4 b5 27. Qe2 Qf7 28. Bxd5
cxd5 29. Bb4 Qf5 30. Bxf8 Bh5 31. f3 Rxf8 32. g4 Qg5 33. h4 Qxh4 34. Qh2 Qxh2+
35. Kxh2 Bg6 36. Rd1 Rd8 37. Rd4 Rc8 38. Rf2 Rc1 39. Rb4 Bd3 40. Rd2 Rc3 41. Kg2
Kf7 42. Kf2 Ke7 43. Rd4 Bb1 44. Ke2 g5 45. Rb4 Rc5 46. Ke3 Kd7 47. f4 Kc6 48.
fxg5 hxg5 49. Rbd4 Rc3+ 50. Ke2 Rh3 51. Kf1 Kc5 52. b4+ Kc6 53. Kg2 Re3 54. Kf2
Rxe5 55. Rd1 Bxa2 56. R4d3 Bc4 57. Rxa3 Re2+ 58. Kg3 Kd6 59. Ra8 Re3+ 60. Kf2
Re4 61. Kg3 Be2 62. Re1 d4 63. Rc1 Rxg4+ 64. Kf2 Bc4 65. Rd8+ Ke7 66. Rh8 e5 67.
Rh6 e4 68. Ra1 e3+ 69. Kf3 Rf4+ 70. Kg3 Rf7 71. Rg6 Be6 72. Ra7+ Bd7 73. Rxg5
Kd6 74. Ra6+ Kc7 75. Re5 Rg7+ 76. Kf4 Rg2 77. Rc5+ Kd8 78. Ra8+ Ke7 79. Re5+ Kd6
80. Ra6+ Kc7 81. Rc5+ Kb7 82. Rd6 Rf2+ 83. Kg3 Rf7 84. Rxd4 Re7 85. Rxd7+ Rxd7
86. Rxb5+ Kc6 1/2-1/2

[Event "Indywidualne Mistrzostwa Polski Juniorow - C16"]
[Site "Szczyrk"]
[Date "2013-03-22"]
[Round "7.10"]
[White "Siedlanowski, Lukasz"]
[Black "Pawlowski, Maciej"]
[Result "1-0"]
[WhiteTitle "I"]
[BlackTitle "I"]
[WhiteElo "1900"]
[BlackElo "1716"]

1. f4 d5 2. Nf3 Nf6 3. g3 Bf5 4. Bg2 c5 5. O-O e6 6. c3 Bd6 7. Na3 O-O 8. d3 Nc6
9. Nh4 Re8 10. Nc2 d4 11. e4 dxe3 12. Nxe3 Bg6 13. f5 Bh5 14. Qc2 Qc7 15. fxe6
Rxe6 16. Nhf5 Rae8 17. Nxd6 Qxd6 18. Nf5 Qd7 19. Qd2 h6 20. Nxg7 Kxg7 21. Qxh6+
Kg8 22. Rxf6 Rxf6 23. Qxf6 Re1+ 24. Bf1 Qg4 25. b3 Ne5 26. Bb2 Nf3+ 27. Kg2 Re6
28. Qf4 Nh4+ 29. Kg1 Nf3+ 30. Kf2 Qg6 31. c4 Re8 32. Bg2 Qxd3 33. Bxf3 Bxf3 34.
Qg5+ 1-0

[Event "Indywidualne Mistrzostwa Polski Juniorow - C16"]
[Site "Szczyrk"]
[Date "2013-03-22"]
[Round "7.11"]
[White "Fronczak, Sebastian"]
[Black "Koitka, Jakub"]
[Result "1/2-1/2"]
[WhiteTitle "II+"]
[BlackTitle "I+"]
[WhiteElo "1825"]
[BlackElo "2007"]

1. e4 c5 2. Nf3 Nc6 3. Bb5 g6 4. O-O Bg7 5. Re1 Nf6 6. c3 O-O 7. Na3 a6 8. Bf1
d5 9. exd5 Nxd5 10. Nc2 b5 11. d4 cxd4 12. Ncxd4 Nxd4 13. Nxd4 Bb7 14. Bg5 Qc7
15. Bh4 b4 16. c4 Qf4 17. Nf3 Nc3 18. Qd2 Qxd2 19. Nxd2 Na4 20. Bxe7 Rfc8 21.
Bxb4 Bxb2 22. Rab1 a5 23. Bd6 Bc6 24. Be5 Ba3 25. Ne4 Bxe4 26. Rxe4 Bb4 27. Be2
Nc3 28. Bxc3 Bxc3 29. Rb7 Rab8 30. Ree7 Rxb7 31. Rxb7 Bb4 32. g3 Re8 33. Bf3 Re7
34. Rxe7 Bxe7 35. Bd5 Bc5 36. Kg2 Kf8 37. a4 f5 38. f4 Kg7 39. Kf3 Kf6 40. h3
h5 1/2-1/2

[Event "Indywidualne Mistrzostwa Polski Juniorow - C16"]
[Site "Szczyrk"]
[Date "2013-03-22"]
[Round "7.12"]
[White "Ulanowski, Karol"]
[Black "Madrawski, Krzysztof"]
[Result "1-0"]
[WhiteTitle "I++"]
[BlackTitle "II+"]
[WhiteElo "2118"]
[BlackElo "1711"]

1. e4 e6 2. d4 d5 3. Nc3 Nf6 4. e5 Nfd7 5. f4 c5 6. Nf3 Nc6 7. Be3 a6 8. Qd2 b5
9. dxc5 Bxc5 10. Bxc5 Nxc5 11. Qf2 Qb6 12. Bd3 b4 13. Ne2 a5 14. O-O Ba6 15. Kh1
Ne7 16. Rac1 Rb8 17. Bxa6 Nxa6 18. Nfd4 g6 19. g4 Nc5 20. Ng3 Nc6 21. Nxc6 Qxc6
22. f5 O-O 23. f6 h6 24. Rce1 Kh7 25. g5 d4+ 26. Kg1 d3 27. gxh6 Rfd8 28. Re3
d2 29. Rd1 Na4 30. Ne4 Qxc2 31. Ng5+ Kh8 32. Qf3 Nxb2 33. Nxf7+ Kh7 34. Ng5+ Kh8
35. Nf7+ Kh7 36. Nxd8 Rxd8 37. Qb7+ Kxh6 38. Rh3+ Kg5 39. Qg2+ Kf4 40. Rf3+ Kxe5
41. Qe2+ Qe4 42. Re3 Rd4 43. Rxe4+ Rxe4 44. Rxd2 Rxe2 45. Rxe2+ Kxf6 46. Rxb2
e5 47. a3 1-0

[Event "Indywidualne Mistrzostwa Polski Juniorow - C16"]
[Site "Szczyrk"]
[Date "2013-03-22"]
[Round "7.13"]
[White "Czajkowski, Adam"]
[Black "Mrozowski, Patryk"]
[Result "1-0"]
[WhiteTitle "I+"]
[BlackTitle "I"]
[WhiteElo "1923"]
[BlackElo "1723"]

1. e4 c5 2. Nf3 e6 3. d4 cxd4 4. Nxd4 a6 5. Bd3 Qc7 6. O-O Nf6 7. Qe2 Nc6 8. Nxc6
dxc6 9. e5 Nd7 10. Bf4 Nc5 11. Rd1 b5 12. Nc3 Bb7 13. Ne4 Nxe4 14. Bxe4 Be7 15.
Rd3 Rd8 16. Qg4 g6 17. Rad1 Rxd3 18. Rxd3 Qa5 19. Qd1 Qb4 20. Rd4 Qc5 21. b4 Qb6
22. Rd7 Bxb4 23. Be3 Qa5 24. c3 O-O 25. Bh6 Bxc3 26. Bxf8 Kxf8 27. Rxb7 Bxe5 28.
Bxc6 Qxa2 29. g3 h5 30. Be8 f6 31. Bxg6 Qa1 32. Bxh5 Qxd1+ 33. Bxd1 Bd4 34. Rb8+
Ke7 35. Ra8 1-0

[Event "Indywidualne Mistrzostwa Polski Juniorow - C16"]
[Site "Szczyrk"]
[Date "2013-03-22"]
[Round "7.14"]
[White "Kruszynski, Krzysztof"]
[Black "Kowalski, Maciej"]
[Result "1-0"]
[WhiteTitle "II"]
[BlackTitle "I"]
[WhiteElo "1664"]
[BlackElo "1877"]

1. c4 c6 2. d4 d5 3. e3 Nf6 4. Nc3 e6 5. Bd3 dxc4 6. Bxc4 b5 7. Bd3 Bb7 8. Nf3
a6 9. a4 b4 10. Ne4 Nxe4 11. Bxe4 a5 12. Ne5 Bd6 13. Qh5 Qc7 14. f4 c5 15. Qxf7+
Qxf7 16. Nxf7 Kxf7 17. Bxb7 Ra7 18. Be4 Nd7 19. Bd3 Rc8 20. f5 e5 21. Bc4+ Kf6
22. dxe5+ Bxe5 23. Be6 Rd8 24. e4 Ra6 25. h4 h6 26. g4 Rd6 27. g5+ Ke7 28. gxh6
gxh6 29. Rg1 Nb6 30. Bxh6 Bxb2 31. Bg5+ Ke8 32. Bxd8 Kxd8 33. Rd1 Bd4 34. e5 Rc6
35. h5 Ke7 36. Rg7+ Kf8 37. Rf7+ Ke8 38. Rg7 Bxe5 39. Rg8+ Ke7 40. h6 b3 41. h7
b2 42. h8=Q Bxh8 43. Rxh8 c4 44. Rh7+ Kf6 45. Bxc4 Kxf5 46. Bd3+ Kg5 47. Ke2 Nxa4
48. Rg1+ Kf4 49. Rh4+ Ke5 50. Rxa4 Rc1 51. Rd1 1-0

[Event "Indywidualne Mistrzostwa Polski Juniorow - C16"]
[Site "Szczyrk"]
[Date "2013-03-22"]
[Round "7.15"]
[White "Molenda, Marcin"]
[Black "Mirski, Michal"]
[Result "1-0"]
[WhiteTitle "I"]
[BlackTitle "I"]
[WhiteElo "1813"]
[BlackElo "1895"]

1. c4 f5 2. Nc3 Nf6 3. g3 e5 4. Bg2 Nc6 5. d3 Bb4 6. e3 Bxc3+ 7. bxc3 d6 8. Ne2
O-O 9. O-O Qe8 10. Rb1 Qh5 11. d4 Ng4 12. h3 Nf6 13. c5 dxc5 14. dxe5 Ne4 15.
Ba3 Qf7 16. Qc2 Nxe5 17. Nf4 g5 18. Bxe4 fxe4 19. Qxe4 gxf4 20. Qxe5 Bxh3 21.
Bxc5 Bxf1 22. Bxf8 Rxf8 23. Rxf1 fxg3 24. Qxg3+ Qg6 25. Qxg6+ hxg6 26. Rd1 Rf6
27. Rd8+ Kg7 28. Rd7+ Rf7 29. Rxf7+ Kxf7 30. Kf1 Ke6 31. Ke2 Kd5 32. Kd3 c5 33.
c4+ Ke5 34. a4 b6 35. f3 Kf5 36. Ke2 Ke5 37. Kf2 Kf5 38. Kg3 a6 39. e4+ Ke5 40.
Kg4 Kd4 41. Kg5 b5 42. axb5 axb5 43. cxb5 c4 44. b6 c3 45. b7 c2 46. b8=Q c1=Q+
47. Qf4 Qc8 48. Qd2+ 1-0

[Event "Indywidualne Mistrzostwa Polski Juniorow - C16"]
[Site "Szczyrk"]
[Date "2013-03-22"]
[Round "7.16"]
[White "Klimek, Piotr"]
[Black "Czerw, Dawid"]
[Result "1/2-1/2"]
[WhiteTitle "I"]
[BlackTitle "I+"]
[WhiteElo "1789"]
[BlackElo "1947"]

1. e4 e6 2. d3 d5 3. Nd2 Nf6 4. Ngf3 b6 5. g3 dxe4 6. dxe4 Bb7 7. Qe2 Ba6 8. c4
Be7 9. Bg2 Bb7 10. O-O O-O 11. Rd1 Nc6 12. e5 Nd7 13. Ne4 Qc8 14. Bf4 Nc5 15.
Nxc5 Bxc5 16. Ng5 h6 17. Ne4 Be7 18. Qg4 Kh8 19. Qh5 Kg8 20. Bxh6 gxh6 21. Nf6+
Kg7 22. Bxc6 Bxc6 23. Rd4 Bxf6 24. exf6+ Kxf6 25. Qh4+ Kg7 26. Rg4+ Kh7 27. Qf6
Rg8 28. Qxf7+ Kh8 29. Qf6+ Kh7 30. Qf7+ Kh8 31. Qf6+ Kh7 32. Qf7+ Kh8 1/2-1/2

[Event "Indywidualne Mistrzostwa Polski Juniorow - C16"]
[Site "Szczyrk"]
[Date "2013-03-22"]
[Round "7.17"]
[White "Maciejewski, Mikolaj"]
[Black "Delekta, Filip"]
[Result "0-1"]
[WhiteTitle "II+"]
[BlackTitle "I+"]
[WhiteElo "1733"]
[BlackElo "1934"]

1. e4 c5 2. Nf3 e6 3. d4 cxd4 4. Nxd4 Nc6 5. Nc3 Qc7 6. Be2 a6 7. O-O b5 8. a3
Bb7 9. Nb3 Nf6 10. f4 d6 11. Be3 Be7 12. Qe1 h5 13. h3 h4 14. Bf2 Nh5 15. f5 Nf4
16. Be3 Nxe2+ 17. Qxe2 Bf6 18. Qf2 Ne5 19. Bb6 Qe7 20. Na5 Rc8 21. Nxb7 Qxb7 22.
Bd4 Rc4 23. Rfe1 Rxd4 0-1

[Event "Indywidualne Mistrzostwa Polski Juniorow - C16"]
[Site "Szczyrk"]
[Date "2013-03-22"]
[Round "7.18"]
[White "Smieszek, Wojciech"]
[Black "Wisniewski, Szymon"]
[Result "0-1"]
[WhiteTitle "I"]
[BlackTitle "II+"]
[WhiteElo "1873"]
[BlackElo "1731"]

1. e4 c5 2. Nf3 Nc6 3. d4 cxd4 4. Nxd4 g6 5. Nc3 Bg7 6. Be3 d6 7. f3 Nf6 8. Bc4
O-O 9. Qd2 Nxd4 10. Bxd4 Be6 11. Bb3 a6 12. O-O-O Qa5 13. Kb1 Rfc8 14. Qe3 Qc7
15. Bb6 Qd7 16. e5 Ne8 17. exd6 Nxd6 18. Bxe6 fxe6 19. Rhe1 Rxc3 20. bxc3 Qb5+
21. Kc1 Nc4 22. Qxe6+ Kh8 23. Rd4 Qb2+ 24. Kd1 Nxb6 25. Rb4 Rd8+ 26. Ke2 Qxc2+
27. Kf1 Nd5 28. Re2 Qd1+ 29. Kf2 Nxb4 30. cxb4 Qd4+ 31. Kg3 Qd6+ 32. Qxd6 exd6
33. Re7 b5 34. Ra7 Bc3 35. Rxa6 Bxb4 36. Rb6 Bc3 37. Rxb5 d5 38. Kf2 d4 39. Ke2
d3+ 40. Kd1 Re8 0-1

[Event "Indywidualne Mistrzostwa Polski Juniorow - C16"]
[Site "Szczyrk"]
[Date "2013-03-22"]
[Round "7.19"]
[White "Choina, Adam"]
[Black "Buraczewski, Rafal"]
[Result "0-1"]
[WhiteTitle "II"]
[BlackTitle "I"]
[WhiteElo "1552"]
[BlackElo "1825"]

1. e4 e6 2. d4 d5 3. Nc3 Nf6 4. Bg5 Bb4 5. e5 h6 6. Bd2 Bxc3 7. Bxc3 Ne4 8. Bb4
c5 9. dxc5 Nxf2 10. Kxf2 Qh4+ 11. g3 Qxb4 12. Rb1 Qxc5+ 13. Kg2 Nc6 14. Nf3 O-O
15. Bd3 b6 16. Qe2 Bb7 17. Rbe1 f6 18. Rhf1 fxe5 19. Nxe5 Rxf1 20. Kxf1 Rf8+ 21.
Kg2 Nxe5 22. Qxe5 Qf2+ 23. Kh3 Qf6 24. Qc7 Qf7 25. Qe5 Qf6 26. Qc7 Qf7 27. Qe5
Qe7 28. Qh5 Qf6 29. Qe5 Qxe5 30. Rxe5 Rf6 31. Kg2 Kf8 32. Re2 Ke7 33. Rf2 e5 34.
Rxf6 gxf6 35. Bf5 Bc6 36. Kf2 Bd7 37. Bd3 f5 38. Ba6 Kd6 39. Ke3 Kc5 40. Be2 d4+
41. Kd2 Be6 42. a3 e4 43. Bh5 Kd5 44. Be8 Ke5 45. Bb5 Bd5 46. Be2 Kf6 47. c3 Ke5
48. Bb5 Bb7 49. Bd7 e3+ 50. Ke1 d3 51. Ba4 Bf3 0-1

[Event "Indywidualne Mistrzostwa Polski Juniorow - C16"]
[Site "Szczyrk"]
[Date "2013-03-22"]
[Round "7.20"]
[White "Nun, Grzegorz"]
[Black "Gladysz, Jakub"]
[Result "1/2-1/2"]
[WhiteTitle "II+"]
[BlackTitle "II+"]
[WhiteElo "1851"]
[BlackElo "1798"]

1. e4 c5 2. Nf3 e6 3. d3 Nc6 4. g3 d6 5. Bg2 g6 6. O-O Bg7 7. Nbd2 Nge7 8. Re1
O-O 9. c3 Rb8 10. Nf1 b5 11. Ne3 b4 12. Ng4 bxc3 13. bxc3 Bxc3 14. Bh6 f5 15.
exf5 exf5 16. Ne3 Bxe1 17. Qxe1 Qa5 18. Ng5 Qxe1+ 19. Rxe1 Bb7 20. Nd5 Nxd5 21.
Bxd5+ Kh8 22. Bxf8 Rxf8 23. Re6 h6 24. Rxd6 Ne5 25. Ne6 Rb8 26. Nxc5 Nf3+ 27.
Kg2 Ne1+ 28. Kf1 Bxd5 29. Rxd5 Nf3 30. Kg2 Ne1+ 31. Kf1 Nf3 32. Kg2 Ne1+ 33. Kf1
1/2-1/2

[Event "Indywidualne Mistrzostwa Polski Juniorow - C16"]
[Site "Szczyrk"]
[Date "2013-03-22"]
[Round "7.21"]
[White "Zebracki, Tomasz"]
[Black "Mazur, Bartlomiej"]
[Result "1-0"]
[WhiteTitle "I"]
[BlackTitle "I"]
[WhiteElo "1951"]
[BlackElo "1674"]

1. e4 c5 2. Nf3 Nc6 3. d4 cxd4 4. Nxd4 e5 5. Nb5 a6 6. Nd6+ Bxd6 7. Qxd6 Qf6 8.
Qc7 Qd8 9. Qxd8+ Kxd8 10. Bc4 f6 11. Be3 Kc7 12. Nc3 Nge7 13. O-O-O b5 14. Bb3
d6 15. Rd2 Rd8 16. g4 g6 17. Rg1 Bb7 18. Rg3 g5 19. Rh3 Rh8 20. Rh6 Raf8 21. h4
gxh4 22. Rxh4 Bc8 23. Bh6 Ng6 24. Rh1 Nce7 25. Bxf8 Nxf8 26. f3 Bb7 27. Rhd1 Nc8
28. Bd5 Nd7 29. Bxb7 Kxb7 30. Nd5 Kc6 31. Rh2 Ncb6 32. Nxb6 Nxb6 33. Rh6 Nd7 34.
Rdh1 Rf8 35. Rxh7 Rb8 36. Rf7 Rb7 37. Rhh7 Rc7 38. Kd2 Rb7 39. Ke3 a5 40. b4 a4
41. Kd3 Rc7 42. Rxd7 Rxd7 43. Rxd7 Kxd7 44. c4 Kc6 45. cxb5+ Kxb5 46. Kc3 Kb6
47. Kc4 Kc6 48. b5+ Kb6 49. Kb4 a3 50. Ka4 1-0

[Event "Indywidualne Mistrzostwa Polski Juniorow - C16"]
[Site "Szczyrk"]
[Date "2013-03-22"]
[Round "7.22"]
[White "Drop, Szymon"]
[Black "Zadlo, Maciej"]
[Result "0-1"]
[WhiteTitle "I"]
[BlackTitle "I"]
[WhiteElo "1818"]
[BlackElo "1821"]

1. e4 c6 2. d4 d5 3. f3 dxe4 4. fxe4 e5 5. Nf3 Bg4 6. Bc4 Nd7 7. O-O Ngf6 8. c3
Bd6 9. Be3 O-O 10. Qd3 b5 11. Bb3 Bxf3 12. Rxf3 exd4 13. cxd4 Nc5 14. Qc2 Ncxe4
15. Qxc6 Rc8 16. Qxb5 Ng4 17. Nc3 Bxh2+ 18. Kf1 Nxe3+ 19. Rxe3 Qf6+ 20. Rf3 Nd2+
21. Ke2 Nxf3 22. gxf3 Qxd4 23. Rd1 Rfe8+ 24. Ne4 Qxb2+ 25. Rd2 Qf6 26. Rd7 Re7
27. Qh5 g6 28. Qxh2 Qa6+ 29. Rd3 Rd8 30. Bc2 Rxd3 31. Qh4 Rxe4+ 0-1

[Event "Indywidualne Mistrzostwa Polski Juniorow - C16"]
[Site "Szczyrk"]
[Date "2013-03-22"]
[Round "7.23"]
[White "Szeglowski, Tomasz"]
[Black "Smal, Tobiasz"]
[Result "1-0"]
[WhiteTitle "I"]
[BlackTitle "I"]
[WhiteElo "1801"]
[BlackElo "1915"]

1. e4 c5 2. Nf3 d6 3. h3 Nf6 4. Nc3 a6 5. a4 e5 6. Bc4 Be7 7. O-O O-O 8. d3 Nc6
9. Ne1 Be6 10. Bd5 Bxd5 11. Nxd5 Nxd5 12. exd5 Nb8 13. f4 Nd7 14. c4 Rb8 15. a5
f5 16. Bd2 Bf6 17. Bc3 exf4 18. Rxf4 Bxc3 19. bxc3 Qf6 20. Qd2 b6 21. axb6 Rxb6
22. Nc2 g5 23. Rf2 Qg6 24. Raf1 Rbb8 25. Ne3 f4 26. Nd1 a5 27. Re1 Rfe8 28. Rfe2
Nf8 29. Nf2 Rxe2 30. Qxe2 h6 31. Qe7 f3 32. gxf3 Rb6 33. Qd8 Rb7 34. Re6 Qg7 35.
Ng4 h5 36. Nf6+ Kh8 37. Nxh5 Rd7 38. Qe8 Qg8 39. Rf6 Nh7 40. Qxd7 Nxf6 41. Nxf6
Qg6 42. Qe7 Qh6 43. Qf7 1-0